Ágora de la libertad (Record no. 184246)
[ view plain ]
| 000 -LEADER | |
|---|---|
| campo de control de longitud fija | 01657nam a2200325 i 4500 |
| 001 - NÚMERO DE CONTROL | |
| campo de control | 184246 |
| 003 - IDENTIFICADOR DE NÚMERO DE CONTROL | |
| campo de control | ES-MaACL |
| 005 - FECHA Y HORA DE LA ÚLTIMA TRANSACCIÓN | |
| campo de control | 20250704062549.0 |
| 008 - DATOS DE LONGITUD FIJA--INFORMACIÓN GENERAL | |
| campo de control de longitud fija | 150529s2015 sp f |||| |dspa d |
| 080 ## - NÚMERO DE LA CLASIFICACIÓN DECIMAL UNIVERSAL | |
| Número de la Clasificación Decimal Universal | 061.22(460.27 M.)(091) |
| 100 1# - ENTRADA PRINCIPAL--NOMBRE DE PERSONA | |
| Nombre de persona | Olmos, Víctor, |
| Fechas asociadas al nombre | 1935- |
| 9 (RLIN) | 86991 |
| 245 10 - MENCIÓN DEL TÍTULO | |
| Título | Ágora de la libertad |
| Resto del título | : historia del Ateneo de Madrid / |
| Mención de responsabilidad, etc. | Víctor Olmos ; presentación de César Navarro ; prólogo de Pedro J. Ramírez. |
| 246 3# - FORMA VARIANTE DEL TITULO | |
| Título propio/Titulo breve | Ágora de la libertad : |
| Resto del título | historia del Ateneo de Madrid. |
| Número de parte o sección de la obra | 1, |
| Nombre de parte o sección de la obra | (1820-1923) |
| 250 ## - MENCION DE EDICION | |
| Mención de edición | 1ª ed. |
| 260 ## - PUBLICACIÓN, DISTRIBUCIÓN, ETC. | |
| Lugar de publicación, distribución, etc. | Madrid : |
| Nombre del editor, distribuidor, etc. | La Esfera de los Libros, |
| Fecha de publicación, distribución, etc. | 2015. |
| 300 ## - DESCRIPCIÓN FÍSICA | |
| Extensión | 591 p. : |
| Otras características físicas | [32] p. de lám. col. ; |
| Dimensiones | 24 cm. |
| 500 ## - NOTA GENERAL | |
| Nota general | Anexos: I. Los 92 fundadores del Ateneo Español de 1820 - II. Los 307 fundadores del Ateneo de Madrid de 1835 - III. Juntas de gobierno del Ateneo de Madrid de 1835 a 1923. |
| 500 ## - NOTA GENERAL | |
| Nota general | Índice onomástico. |
| 504 ## - NOTA DE BIBLIOGRAFÍA, ETC. | |
| Nota de bibliografía, etc. | Bibliografía: p. [571]-576. |
| 505 8# - NOTA DE CONTENIDO CON FORMATO | |
| Nota de contenido con formato | Contiene: 1 (1820-1923). El Ateneo entre "El Español" de Larra y la "España" de Ortega y Azaña / por Pedro J. Ramírez . De diciembre de 1930 a abril de 1931 . Desde el Ateneo a la II República . El Ateneo de la calle de la Montera (1848-1881) |
| 610 24 - PUNTO DE ACCESO ADICIONAL DE MATERIA--NOMBRE DE ENTIDAD CORPORATIVA | |
| Nombre de entidad corporativa o nombre de jurisdicción como elemento de entrada | Ateneo de Madrid- |
| Subdivisión de forma | Historia |
| 9 (RLIN) | 1925 |
| 610 27 - PUNTO DE ACCESO ADICIONAL DE MATERIA--NOMBRE DE ENTIDAD CORPORATIVA | |
| Nombre de entidad corporativa o nombre de jurisdicción como elemento de entrada | Ateneo Español |
| Fuente del encabezamiento o término | |
| 9 (RLIN) | 145825 |
| 700 1# - ENTRADA AGREGADA--NOMBRE PERSONAL | |
| Nombre de persona | Navarro de Francisco, César, |
| Fechas asociadas al nombre | 1932- |
| 9 (RLIN) | 85113 |
| 700 1# - ENTRADA AGREGADA--NOMBRE PERSONAL | |
| Nombre de persona | Ramírez, Pedro J., |
| Fechas asociadas al nombre | 1952- |
| 9 (RLIN) | 95106 |
| 852 4# - LOCALIZACIÓN | |
| Ubicación | ES-MaACL |
| Número de control de estantería | A-13487/Ej.1 |
| itemnumber | 191230 |
| Sublocalización o colección | R.150850 |
| Ubicación en estantería | Depósito 1 |
| Signatura antigua | Olim: N-6487 |
| Donativo/Legado | Donación: Víctor Olmos |
| 852 4# - LOCALIZACIÓN | |
| Ubicación | ES-MaACL |
| Número de control de estantería | N-6578 |
| 903 ## - NOMBRE PERSONAL DE DONANTE | |
| a | Olmos, Víctor, |
| d | 1935- |
| e | Donante |
| 9 | 86991 |
| 942 ## - ELEMENTOS DE ENTRADA SECUNDARIOS (KOHA) | |
| Fuente del sistema de clasificación o colocación | Clasificación decimal universal |
| Tipo de ítem Koha | Libro impreso |
| Estatus retirado | Estado de pérdida | Fuente del sistema de clasificación o colocación | Estado de daño | Restricciones de uso | No para préstamo | Colección | Biblioteca de origen | Biblioteca actual | Ubicación en estantería | Fecha de adquisición | Fuente de adquisición | Total de préstamos | Signatura topográfica completa | Código de barras | Visto por última vez | Precio de reemplazo | Tipo de ítem Koha |
|---|---|---|---|---|---|---|---|---|---|---|---|---|---|---|---|---|---|
| Clasificación decimal universal | Duplicado | Fondo Ateneo de Madrid | Biblioteca del Ateneo de Madrid | Biblioteca del Ateneo de Madrid | Depósito 1 | 29/05/2015 | Donación | A-13487/Ej.1 | 1193809 | 23/02/2023 | 23/02/2023 | Libro impreso | |||||
| Fondo Ateneo de Madrid | Biblioteca del Ateneo de Madrid | Biblioteca del Ateneo de Madrid | Sala Pecera Depósito 2 | 09/10/2015 | N-6578 | 1194235 | 23/02/2023 | 23/02/2023 | Libro impreso |
